RLCS 2026 Boston Major Rosters - Statistics

General Stats
  • This quiz has been taken 19 times
  • The average score is 28 of 54
Answer Stats
Hint Answer % Correct
Falcons Rw9
94%
Gentle Mates Nass
88%
Karmine Corp Vatira
88%
Karmine Corp Atow
82%
NRG Daniel
82%
Rebellion Firstkiller
82%
Vitality Zen
82%
Gentle Mates Archie
76%
Falcons dralii
76%
Karmine Corp Juicy
76%
Gentle Mates Oski
76%
Geekay Seikoo
76%
Twisted Minds Trk511
76%
Geekay ApparentlyJack
71%
NRG Atomic
71%
NRG BeastMode
71%
Ninjas in Pyjamas Oaly
71%
Vitality Stizzy
71%
Vitality Exotiik
65%
Ninjas in Pyjamas Joreuz
65%
Geekay Joyo
65%
Twisted Minds Nwpo
65%
Furia Yanxnz
65%
Ninjas in Pyjamas Crr
59%
Rebellion LJ
59%
Gen.G Rise
59%
Spacestation Chronic
53%
Falcons Kiileerrz
53%
Rebellion Kofyr
53%
Furia Lostt
47%
Gen.G MaJicBear
47%
Gen.G Justin
41%
Twisted Minds M0nkey M00n
41%
Wildcard Bananahead
35%
Spacestation Diaz
35%
Spacestation Reveal
35%
Five Fears Snowyy
35%
MIBR Reysbull
29%
PWR Superlachie
29%
Virtus.Pro Tawk
29%
Wildcard Torsos
29%
Virtus.Pro Wahvey
29%
Wildcard Fever
24%
MIBR Sad
24%
TSM Sphinx
24%
Furia Swiftt
24%
Five Fears Tehqoz
24%
Virtus.Pro 2Piece
18%
MIBR Aztr0
18%
TSM Catalysm
18%
PWR Fiberr
18%
Five Fears Gunz
18%
PWR Gus
12%
TSM Kevin
12%
No matching quizzes found
Score Distribution
Percent of People with Each Score
Percentile by Number Answered
Your Score History
You have not taken this quiz